| 000 | 00617nam a22001937a 4500 | ||
|---|---|---|---|
| 005 | 20241025155456.0 | ||
| 010 | _aENG-142444 | ||
| 020 |
_a9789354498756 _c499.00 |
||
| 035 | _aEN-125976 | ||
| 037 | _bDBAD | ||
| 082 |
_21 _a515.63 |
||
| 100 |
_aDey, Anindya _973507 |
||
| 245 |
_aVector Geometry & Elements of Calculus/ _cBy Anindya Dey |
||
| 250 | _a1 | ||
| 260 |
_aNoida _bPearson India Education _c2024 |
||
| 270 |
_a15th floor, Tower- B, World Trade Tower, plot No.1, Block -C, Sector-16, Noida, _bUttar Pradesh _e201301 |
||
| 300 |
_a709p.. _c23cm(pb) |
||
| 942 |
_2ddc _cEN _h515.63 _mDEY _e1 |
||
| 999 |
_c206774 _d206774 |
||